1043 1652 1573 1622 1476 1296 1726 1534 1801 1295 1597 1468 1568 1302 1080 1095 1733 1540 1243 1442 1695 1406 1746 1014 1235 1649 1417 1894 1703 1349 1802 1907 1191 1840 1608 1154 1019 1723 1501 1312 1047 1570 1077 1451 1660 1563 1245 1996 1915 1872 1117 1826 1587 1903 1286 1825 1176 1798 1858 1033 1048 1980 1065 1730 1811 1504 1627 1064 1878 1302 1182 1497 1522 1612 1542 1898 1242 1884 1852 1287 1213 1590 1120 1055 1622 1162 1485 1162 1953 1386 1420 1085 1159 1970 1582 1673 1047 1637 1918 BCNSPRNW ULIB Ver.6.0+V

เปลี่ยนเป็นภาษาไทย

Change to English
 แสดงรายละเอียดบรรณานุกรม
  กลับหน้าหลัก

Brief Record : Get Marc (ISO 2709) : E-mail record : QR code < ปิดหน้าต่าง
LEADER : 00000nam 2200000uu 4500
001    13399110053
003     ULIB
008    110420s2552||||th 000 0 tha d
020    9789744433305
041 1  tha^hjpa
060 04 WH100^bศ321ร 2552
100 1  โมริ, ฮิโรชิ
245 10 รู้จักและเข้าใจเลือด สิ่งมหัศจรรย์ในร่างกายเรา =^bTokoptonyasashii ketsueki no hon /^cby Hiroshi Mohri ; แปลและเรียบเรียงโดย ศักดา ดาดวง
246 31 Tokopton yasashii ketsueki no hon
250    พิมพ์ครั้งที่ 4
260    กรุงเทพฯ :^bส.ส.ท.,^c2552
300    237 หน้า :^bภาพประกอบ ;^c21 ซม.
500    LISI มีพิมพ์ครั้งที่ 2 (2551)
650  7 เลือด, โรค
700 0  ศักดา ดาดวง,^eผู้แปล
700 12 Mohri, Hiroshi.^tTokopton yasashii ketsueki no hon
945    ^p195^l0^i026262
945    ^p195^l0^i026261
945    ^p195^l0^i026007
945    ^p195^l0^i026263
995    ทศพร
999 ^a ใช้งานได้ทุกระบบ
รายการนี้ยังไม่มีแท็ก
คุณยังไม่ได้ล็อกอิน คุณสามารถมีกิจกรรมร่วมกับเว็บไซต์ได้ แต่ต้องล็อกอินก่อน ::
  ล็อกอิน

รายการสื่อสารสนเทศ

ลำดับที่ ประเภท เลขเรียก/บาร์โค้ด สถานที่ สถานะ
- ไม่พบข้อมูล -

รายการใกล้เคียง
    ผู้แต่ง [โมริ, ฮิโรชิ]

    หัวเรื่อง [เลือด, โรค]

BibComment


ยังไม่เคยถูกคอมเมนท์

คอมเมนท์ทรัพยากรรายการนี้
  คอมเมนท์: รู้จักและเข้าใจเล..


 Copyright 2026. Bcnsprnw @Library